Lacquers and finishes for rubber (Record no. 61925)
[ view plain ]
| 000 -LEADER | |
|---|---|
| fixed length control field | 00320nam a2200133Ia 4500 |
| 100 ## - MAIN ENTRY--AUTHOR NAME | |
| Personal name | Barncastle L A |
| 245 #0 - TITLE STATEMENT | |
| Title | Lacquers and finishes for rubber |
| 260 ## - PUBLICATION, DISTRIBUTION, ETC. (IMPRINT) | |
| Name of publisher | IRI Transactions |
| Year of publication | 1946 |
| 300 ## - PHYSICAL DESCRIPTION | |
| Number of Pages | 30-40 |
| 650 ## - SUBJECT ADDED ENTRY--TOPICAL TERM | |
| Topical Term | Lacquers |
| 700 ## - ADDED ENTRY--PERSONAL NAME | |
| Personal name | Bowden E F |
| 942 ## - ADDED ENTRY ELEMENTS (KOHA) | |
| Koha item type | Journals |
| Withdrawn status | Lost status | Damaged status | Not for loan | Home library | Current library | Shelving location | Date acquired | Serial Enumeration / chronology | Koha item type |
|---|---|---|---|---|---|---|---|---|---|
| Journals | RRII Library | RRII Library | Rubber chemistry | 17/12/2021 | Volume 22, Issue 1 | Journals |